E - business transformation.
| Format: | Book |
|---|---|
| Published: |
London:
The Economist Intelligence Unit,
2000.
|
| Series: | Research report (Economist Intelligence Unit [Great Britain])
|
| Subjects: |
| LEADER | 00461cam a2200145 7i4500 | ||
|---|---|---|---|
| 001 | 0000010242 | ||
| 005 | 20011116090000.0 | ||
| 020 | 0 | 0 | |a 0862181445 |
| 090 | 0 | 0 | |a B 658.4038 |b ELE |
| 245 | 0 | 0 | |a E - business transformation. |
| 260 | 0 | 0 | |a London: |b The Economist Intelligence Unit, |c 2000. |
| 300 | # | # | |a 91 p. |
| 440 | 0 | 0 | |a Research report (Economist Intelligence Unit [Great Britain]) |
| 650 | 0 | 0 | |a Electronic commerce |
| 999 | |a B000012790 |b Book |c Countries |e Business Information Centre | ||


